Reach the highest standard in professional learning data

Guardat en:
Dades bibliogràfiques
Autor principal: GUSKEY, Thomas R. Roy, Patricia. Frank, Von Valerie
Format: Llibre
Idioma:anglès
Publicat: CORWIN Press
Etiquetes: Afegir etiqueta
Sense etiquetes, Sigues el primer a etiquetar aquest registre!

MARC

LEADER 00000nam a22000007a 4500
008 210122b ||||| |||| 00| 0 eng d
020 |a 9781452291772 
100 |a GUSKEY, Thomas R.  |a Roy, Patricia.  |a Frank, Von Valerie. 
245 |a Reach the highest standard in professional learning  |b data  |c Thomas R. Guskey, Patricia Roy, Valerie Von Frank  |e (Reach the highest standard in professional learning) 
260 |b CORWIN Press  |h Thousand Oaks, California  |i 692461   |i 692462   |l LB1715 .T36  |m Teachers – Training of – United States  |m Educational indicators – United States  |m Education – Standards – United States 
500 |a “It includes reference and index”. 
942 |a lcc  |c BK  |e O.A.JOHNSON  |f 22/01/21 
952 |0 0  |1 0  |2 lcc  |4 0  |6 LB1715 T36  |7 0  |9 1483  |a ED  |b HOL  |c LP  |d 2021-01-22  |l 0  |o LB1715 .T36  |p 2021-0280  |r 2021-01-22 00:00:00  |w 2021-01-22  |y BK 
952 |0 0  |1 0  |2 lcc  |4 0  |6 LB1715 T36  |7 0  |9 1484  |a HOL  |b HOL  |c LP  |d 2021-01-22  |l 0  |o LB1715 .T36  |p 2021-0281  |r 2021-01-22 00:00:00  |w 2021-01-22  |y BK 
999 |c 779  |d 779